000 00337nam a2200145Ia 4500
008 191201s2011 xx 000 0 und d
082 _a658.45ARB
100 _aARORA,Vikas
245 0 _aBusiness Communication
250 _aRev
260 _aN. delhi
_bGlobal vision pub
_c2011
300 _a296
650 _aBBA
942 _2ddc
_cBK
_013
999 _c4928
_d4928